[Event "FICGS rapid B 000190 email"]
[Site "FICGS email"]
[Date "2011.12.01"]
[Round "1"]
[White "Panov, Dmitriy"]
[Black "Pierre, Jonathan"]
[Result "1-0"]
[WhiteElo "2037"]
[BlackElo "1794"]
[PlyCount "31"]
[EventDate "2011.??.??"]
[EventType "tourn (rapid)"]
[EventRounds "1"]
[SourceTitle "Corr 2022"]
[Source "ChessBase"]
[SourceDate "2021.10.24"]
[SourceVersion "1"]
[SourceVersionDate "2021.10.24"]
[SourceQuality "1"]

1. e4 d6 2. d4 Nf6 3. Nc3 g6 4. f4 Bg7 5. Nf3 c5 6. Bb5+ Bd7 7. e5 Ng4 8. e6 fxe6 9. Ng5 Bxb5 10. Nxe6 Bxd4 11. Nxb5 Qa5+ 12. c3 Bf2+ 13. Kd2 Na6 14. Nxd6+ exd6 15. Qxg4 c4 16. Ke2 1-0

[Event "FICGS no engines 01 email"]
[Site "FICGS email"]
[Date "2011.11.04"]
[Round "1"]
[White "Pierre, Jonathan"]
[Black "Roe, Philip Lawrence"]
[Result "1/2-1/2"]
[WhiteElo "1775"]
[BlackElo "1728"]
[PlyCount "86"]
[EventDate "2011.??.??"]
[EventType "swiss (corr)"]
[EventRounds "1"]
[SourceTitle "Corr 2013"]
[Source "ChessBase"]
[SourceDate "2012.11.12"]
[SourceVersion "1"]
[SourceVersionDate "2012.11.12"]
[SourceQuality "1"]

1. e4 e5 2. Nf3 Nc6 3. Bb5 a6 4. Bxc6 dxc6 5. d4 exd4 6. Qxd4 Qxd4 7. Nxd4 Bd7 8. Nc3 0-0-0 9. Bd2 Ne7 10. 0-0-0 Ng6 11. Nde2 Bd6 12. f4 f6 13. h3 Rhe8 14. Rhf1 c5 15. Ng3 b5 16. Rde1 Bc6 17. Nf5 Bf8 18. Ng3 b4 19. Nd1 Rd4 20. Nf2 Bd6 21. Nf5 Rxd2 22. Kxd2 Bxf4+ 23. Ke2 Bb5+ 24. Nd3 Rxe4+ 25. Kf3 Rxe1 26. Rxe1 Bxd3 27. cxd3 Ne5+ 28. Ke2 g6 29. Ne3 Nc6 30. Nc2 Be5 31. b3 f5 32. Kf3 Kd7 33. g4 Bc3 34. Rg1 Ne5+ 35. Ke2 f4 36. Ne1 Ke6 37. Nf3 Kd5 38. Nxe5 Bxe5 39. h4 h6 40. Rc1 Bc3 41. Rf1 Be5 42. Rc1 Bc3 43. Rf1 Be5 1/2-1/2

[Event "FICGS no engines 00 email"]
[Site "FICGS email"]
[Date "2010.11.14"]
[Round "1"]
[White "Pierre, Jonathan"]
[Black "Gresham, Jonathan"]
[Result "1-0"]
[WhiteElo "1950"]
[BlackElo "1800"]
[PlyCount "33"]
[EventDate "2010.??.??"]
[EventType "swiss (corr)"]
[EventRounds "1"]
[SourceTitle "Corr 2013"]
[Source "ChessBase"]
[SourceDate "2012.11.12"]
[SourceVersion "1"]
[SourceVersionDate "2012.11.12"]
[SourceQuality "1"]

1. e4 e6 2. d4 d5 3. Nc3 Bb4 4. e5 c5 5. a3 Bxc3+ 6. bxc3 Ne7 7. Qg4 Qa5 8. Bd2 0-0 9. Nf3 Ng6 10. Bd3 c4 11. Bxg6 hxg6 12. Qh4 Qa4 13. Ng5 Rd8 14. Qh7+ Kf8 15. Qh8+ Ke7 16. Qxg7 Rd7 17. Nxe6 1-0

[Event "FICGS no engines 00 email"]
[Site "FICGS email"]
[Date "2010.11.14"]
[Round "1"]
[White "Pierre, Jonathan"]
[Black "Tanda, Giovanni"]
[Result "1/2-1/2"]
[WhiteElo "1950"]
[BlackElo "2027"]
[PlyCount "70"]
[EventDate "2010.??.??"]
[EventType "swiss (corr)"]
[EventRounds "1"]
[SourceTitle "Corr 2013"]
[Source "ChessBase"]
[SourceDate "2012.11.12"]
[SourceVersion "1"]
[SourceVersionDate "2012.11.12"]
[SourceQuality "1"]

1. e4 c6 2. d4 d5 3. Nc3 dxe4 4. Nxe4 Nd7 5. Ng5 Ngf6 6. Bd3 Nb6 7. Ne2 h6 8. Ne4 Nxe4 9. Bxe4 g6 10. 0-0 Bg7 11. Bf4 0-0 12. c3 Be6 13. h4 h5 14. Qc1 Re8 15. Bh6 Bh8 16. Nf4 Bd5 17. Nxd5 cxd5 18. Bc2 e6 19. Bg5 Bf6 20. f4 Nc4 21. Ba4 Rf8 22. Bh6 Bg7 23. Bxg7 Kxg7 24. g3 a6 25. Rf3 Nd6 26. Bc2 b5 27. a4 Qb6 28. Qe1 Kg8 29. a5 Qd8 30. Bd3 Nc4 31. Rf2 Nxa5 32. b4 Nc4 33. Bxc4 dxc4 34. Ra5 Qb6 35. Qe4 Ra7 1/2-1/2

[Event "FICGS rapid A 000088 email"]
[Site "FICGS email"]
[Date "2010.09.01"]
[Round "1"]
[White "Martinez, Chapo"]
[Black "Pierre, Jonathan"]
[Result "1-0"]
[WhiteElo "1957"]
[BlackElo "1950"]
[PlyCount "43"]
[EventDate "2010.??.??"]
[EventType "tourn (rapid)"]
[EventRounds "5"]
[SourceTitle "Corr 2013"]
[Source "ChessBase"]
[SourceDate "2012.11.12"]
[SourceVersion "1"]
[SourceVersionDate "2012.11.12"]
[SourceQuality "1"]

1. d4 Nf6 2. c4 e6 3. Nc3 Bb4 4. e3 c5 5. Bd3 0-0 6. Nf3 d5 7. 0-0 Nc6 8. a3 Bxc3 9. bxc3 dxc4 10. Bxc4 Qc7 11. Bb2 Rb8 12. Bd3 Rd8 13. c4 cxd4 14. exd4 Ra8 15. Re1 h6 16. Qe2 Ne7 17. d5 Ne8 18. Nd4 Qd6 19. Rad1 Kf8 20. Bc3 a5 21. Nb5 Qd7 22. Be4 1-0

[Event "FICGS rapid A 000088 email"]
[Site "FICGS email"]
[Date "2010.09.01"]
[Round "1"]
[White "Pierre, Jonathan"]
[Black "Kasznia, Ireneusz"]
[Result "1/2-1/2"]
[WhiteElo "1950"]
[BlackElo "1886"]
[PlyCount "31"]
[EventDate "2010.??.??"]
[EventType "tourn (rapid)"]
[EventRounds "5"]
[SourceTitle "Corr 2013"]
[Source "ChessBase"]
[SourceDate "2012.11.12"]
[SourceVersion "1"]
[SourceVersionDate "2012.11.12"]
[SourceQuality "1"]

1. e4 e6 2. d4 d5 3. Nd2 dxe4 4. Nxe4 Nd7 5. g3 Be7 6. Bg2 Ngf6 7. Nxf6+ Bxf6 8. Nf3 0-0 9. 0-0 e5 10. dxe5 Nxe5 11. Nxe5 Bxe5 12. Qh5 Re8 13. Rd1 Qf6 14. c3 h6 15. Be3 c6 16. Bd4 1/2-1/2